00000000nam 2200000zi 4500
0019.945260
003CaOODSP
00520241121094721
006m     o  d f      
007cr mn|||||||||
008241118s1971    oncad   o    f000 0 eng d
040 |aCaOODSP|beng|erda|cCaOODSP
043 |an-cn---
0861 |aCo41-1/5GE-PDF|zCo41-1/5G
24500|aProblems in data transfer with particular regard to visual data.
264 1|aOttawa : |bDepartment of Communications, |c1971.
300 |a1 online resource (81 pages) : |billustrations, charts.
336 |atext|btxt|2rdacontent
337 |acomputer|bc|2rdamedia
338 |aonline resource|bcr|2rdacarrier
4901 |aTelecommission study ; |v5(g)
500 |aIssued also in French under title: Problèmes relatifs au transfert des données (données visuelles en particulier).
500 |aDigitized edition from print [produced by Innovation, Science and Economic Development Canada].
650 0|aAutomatic picture transmission.
650 0|aData transmission systems.
650 0|aTelecommunication|zCanada.
7101 |aCanada. |bDepartment of Communications, |eissuing body.
77508|tProblèmes relatifs au transfert des données (données visuelles en particulier).|w(CaOODSP)9.945261
830#0|aTelecommission study ;|v5(g).|w(CaOODSP)9.927947
85640|qPDF|s1.37 MB|uhttps://publications.gc.ca/collections/collection_2024/isde-ised/co41-1/Co41-1-5G-eng.pdf